Statistiques concernant Homonymes - Géographie #1

Cliquez ici pour prendre le quiz!

Statistiques générales

  • Ce quiz a été pris 670 fois
  • Le résultat moyen est 7 sur 10

Statistiques - réponses

C'est...Et...Homonyme% Correct
Un département françaisLa capitale de l'AutricheVienne
96%
Une ligne géographique imaginaireUn pays d'AmériqueÉquateur
94%
L'ancienne monnaie de l'ÉquateurLa capitale de la BolivieSucre
77%
Un autre nom de l'Océan AustralUn continent de la TerreAntarctique
66%
Un état des États-UnisUn pays d'AsieGéorgie
65%
Une ville de CalifornieLa capitale du Costa RicaSan José
60%
Une province belgeUn pays européenLuxembourg
58%
Un fleuve africainLe nom commun à deux pays frontaliersCongo
52%
Un pays d'OcéanieUne des quatre régions principales d'OcéanieMicronésie
47%
Une grande ville d'AustralieUne grande ville d'EcossePerth
39%

Distribution des résultats

Percentile par nombre de réponses

% des personnes avec chaque résultat

Votre développement - résultats

Vous n’avez pas pris ce quiz